Christianity through the centuries : (Record no. 1086)

MARC details
000 -LEADER
fixed length control field 01283cam a2200313 a 4500
001 - CONTROL NUMBER
control field 691346
003 - CONTROL NUMBER IDENTIFIER
control field GBCCL
005 - DATE AND TIME OF LATEST TRANSACTION
control field 20241126110353.0
008 - FIXED-LENGTH DATA ELEMENTS--GENERAL INFORMATION
fixed length control field 960724s1996 miuab b 001 0 eng
010 ## -
-- 96032558
020 ## - INTERNATIONAL STANDARD BOOK NUMBER
International Standard Book Number 0310208122 (alk. paper)
020 ## - INTERNATIONAL STANDARD BOOK NUMBER
International Standard Book Number 9780310208129
040 ## - CATALOGING SOURCE
Original cataloging agency DLC
Transcribing agency DLC
Modifying agency DLC
050 00 -
-- BR145.2
-- .C28 1996
082 00 - DEWEY DECIMAL CLASSIFICATION NUMBER
Classification number 270
Edition information 20
Item number CAI
100 1# - MAIN ENTRY--PERSONAL NAME
Personal name Cairns, Earle Edwin,
Dates associated with a name 1910-
9 (RLIN) 1932
245 10 - TITLE STATEMENT
Title Christianity through the centuries :
Remainder of title a history of the Christian church /
Statement of responsibility, etc. Earle E. Cairns.
250 ## - EDITION STATEMENT
Edition statement 3rd ed., rev. and expanded.
260 ## - PUBLICATION, DISTRIBUTION, ETC.
Place of publication, distribution, etc. Grand Rapids, Mich. :
Name of publisher, distributor, etc. Zondervan Pub.,
Date of publication, distribution, etc. c1996.
300 ## - PHYSICAL DESCRIPTION
Extent 560 p. :
Other physical details ill., maps ;
Dimensions 25 cm.
504 ## - BIBLIOGRAPHY, ETC. NOTE
Bibliography, etc. note Includes bibliographical references and index.
650 #0 - SUBJECT ADDED ENTRY--TOPICAL TERM
Topical term or geographic name entry element Church history.
9 (RLIN) 117
856 42 - ELECTRONIC LOCATION AND ACCESS
Materials specified Publisher description
Uniform Resource Identifier <a href="http://www.loc.gov/catdir/enhancements/fy0633/96032558-d.html">http://www.loc.gov/catdir/enhancements/fy0633/96032558-d.html</a>
856 41 - ELECTRONIC LOCATION AND ACCESS
Materials specified Table of contents only
Uniform Resource Identifier <a href="http://www.loc.gov/catdir/enhancements/fy0633/96032558-t.html">http://www.loc.gov/catdir/enhancements/fy0633/96032558-t.html</a>
856 41 - ELECTRONIC LOCATION AND ACCESS
Materials specified Sample text
Uniform Resource Identifier <a href="http://www.loc.gov/catdir/enhancements/fy0642/96032558-s.html">http://www.loc.gov/catdir/enhancements/fy0642/96032558-s.html</a>
906 ## - LOCAL DATA ELEMENT F, LDF (RLIN)
a 7
b cbc
c orignew
d 1
e ocip
f 19
g y-gencatlg
942 ## - ADDED ENTRY ELEMENTS (KOHA)
Source of classification or shelving scheme Dewey Decimal Classification
Koha item type Books
Koha issues (borrowed), all copies 150
Holdings
Withdrawn status Lost status Source of classification or shelving scheme Damaged status Not for loan Home library Current Library Shelving location Date acquired Total checkouts Total renewals Full call number Barcode Date last seen Date last checked out Copy number Price effective from Koha item type Cost, normal purchase price Source of acquisition Cost, replacement price Date due
    Dewey Decimal Classification     GRACE BIBLE COLLEGE GRACE BIBLE COLLEGE Church History 2017-04-12 40 8 270 CAI 014273 2026-03-16 2026-03-09 c.1 2017-04-12 Books        
    Dewey Decimal Classification     GRACE BIBLE COLLEGE GRACE BIBLE COLLEGE Church History 2017-04-12 27 3 270 CAI 014274 2025-09-29 2025-09-19 c.2 2017-04-12 Books        
    Dewey Decimal Classification     GRACE BIBLE COLLEGE GRACE BIBLE COLLEGE Church History 2017-04-27 26 2 270 CAI 014312 2026-02-09 2026-01-29 c.3 2017-04-27 Books 1098.50      
    Dewey Decimal Classification     GRACE BIBLE COLLEGE GRACE BIBLE COLLEGE Church History 2019-11-12 21 1 270 CAI 013720 2026-01-30 2026-01-27 c.4 2019-11-12 Books 731.00 18 850.00  
    Dewey Decimal Classification     GRACE BIBLE COLLEGE GRACE BIBLE COLLEGE Church History 2021-11-15 13 3 270 CAI 015291 2026-03-26 2026-03-26 c.5 2021-11-15 Books       2026-05-07
    Dewey Decimal Classification     GRACE BIBLE COLLEGE GRACE BIBLE COLLEGE Church History 2021-12-16 14 1 270 CAI 015303 2025-09-26 2025-09-22 c.6 2021-12-16 Books        
    Dewey Decimal Classification     GRACE BIBLE COLLEGE GRACE BIBLE COLLEGE Church History 2021-12-16 25 4 270 CAI 015304 2026-02-02 2026-01-30 c.7 2021-12-16 Books        
    Dewey Decimal Classification     GRACE BIBLE COLLEGE GRACE BIBLE COLLEGE Church History 2021-12-16 22 7 270 CAI 015305 2026-02-12 2026-02-02 c.8 2021-12-16 Books        
    Dewey Decimal Classification     GRACE BIBLE COLLEGE GRACE BIBLE COLLEGE Church History 2021-12-16 20 2 270 CAI 015306 2026-03-13 2026-03-06 c.9 2021-12-16 Books        
© Grace Bible College Library 2025